| 000 | 00000nam##2200000za#4500 |
| 001 | 9.584599 |
| 003 | CaOODSP |
| 005 | 20210624193206 |
| 007 | cr ||||||||||| |
| 008 | 150406|2011||||xxc|||||o f|0| 0 eng|d |
| 020 | |a978-1-100-50865-8 |
| 022 | |a1915-8858 |
| 040 | |aCaOODSP|beng |
| 041 | |aeng |
| 041 | |afre |
| 043 | |an-cn--- |
| 086 | 1 |aM116-2/021A07-PDF |
| 110 | 1 |aCanada.|bNatural Resources Canada. |bCentre for Topographic Information. |
| 245 | 10|aBridgewater, Nova Scotia |h[electronic resource] |
| 250 | |aEd. 04, version 00 |
| 255 | |aScale 1:50,000 |
| 260 | |aOttawa - Ontario : |bNatural Resources Canada. |c2011. |
| 300 | |a1p. |
| 490 | 1 |aCanadian topographic maps |x1915-8858|v21-A/7 |
| 500 | |aSeries A791. Includes a legend. |
| 590 | |a14-07-Supp|b2014-04-03 |
| 792 | |tBridgewater, Nouvelle-Écosse |efre|w(CaOODSP)9.584600 |
| 830 | #0|aCanadian topographic maps,|x1915-8858|v21-A/7|w(CaOODSP)9.500293 |
| 856 | 40|ahttp://publications.gc.ca|qPDF|s4.11 MB|uhttps://publications.gc.ca/collections/collection_2014/rncan-nrcan/M116-2-021A07.pdf|y21-A/7 |